000 02331nam a2200325 i 4500
001 768714001
003 CO-MdFUSB
005 20231123155221.0
007 ta
008 200706t1996 ck |||| |||| 00| 0 spa d
020 _a[No incluye ISBN]
040 _aCO-MdFUSB
_bspa
_cCO-MdFUSB
_dCO-MdFUSBC
_erda
041 _aspa
082 _223
_a230.5
_bD542
100 _aDiaz Payares, Carlos Andres
_eautor
245 1 _aManual de doctrina
_b: Asociación de Iglesias Evangélicas Interamericanas de Colombia
_c/ Carlos Andres Diaz Payares , Humberto García , Octavio Areiza Montoya
264 1 _aMedellín, Colombia :
_bAsodieico,
_c[1996]
264 4 _c©1996
300 _c94 páginas ;
_a21 cm
336 _2rdacontent
_atexto
_btxt
337 _2rdamedia
_asin mediación
_bn
338 _2rdacarrier
_avolumen
_bnc
505 _aIntroducción -- Definición -- Objetivos -- Justificación -- Las sagradas escrituras - Dios - Satanás -- Las sagradas escrituras -- Dios -- Creador y sustentador del universo -- Dios presente -- Dios, Señor de la historia -- Nombres de Dios en el Antiguo Testamento -- Elohim -- Jehová -- El -- Adonái -- Padre -- Dios padre, hijo y espíritu santo -- Atributos de Dios -- Justicia de Dios -- Misericordia de Dios -- Bondad de Dios -- Amor de Dios -- Verdad de Dios -- Santidad de Dios -- Implicaciones -- El hijo de Dios y la salvación -- El problema de la humanidad -- El hijo de Dios -- Nombres del hijo de Dios -- Jesús -- Cristo -- Señor -- El Alfa y el Omega -- El hijo del hombre -- El hijo de David -- Hijo de Dios -- La obra salvadora de Cristo -- Respuesta del hombre a la obra salvadora de Dios -- El espiritu santo -- El fruto del espiritu santo -- Los dones del espiritu de santo -- Dones ministreriales -- Apóstol -- Profeta -- Evangelista -- Pastro/Maestro -- Dones funcionales -- Profecia -- Servicio -- Enseñanza -- Exhortación -- Repartición -- Presidencia -- Misericordia -- Dones manifestacionales -- Don de palabra de sabiduría -- Don de Fe -- Don de lenguas e interpretación -- Don de profecia -- Don de dicernimiento de espiritus -- Don de milagros -- Don de sanidad
563 _aRústico
650 7 _9655
_aIglesia
700 _94580
_aGarcia, Humberto
_eautor
700 _94581
_aAreiza Montaya, Octavio L.
_eautor
942 _cBK
945 _aDani
999 _c66469
_d66469